|
|
|
|
| LEADER |
00000cam a2200000 a 4500 |
| 001 |
vtls001121346 |
| 003 |
SK-MaSNL |
| 005 |
20260301044832.0 |
| 008 |
240513s1988 xo frnp 00000 slo |
| 015 |
|
|
|a SNBA1988/05
|
| 020 |
|
|
|q (brožované)
|
| 035 |
|
|
|a SNK000064189
|
| 040 |
|
|
|a SNK
|b slo
|c SNK
|e AACR2
|
| 041 |
0 |
|
|a slo
|
| 044 |
|
|
|a xo
|c SK
|
| 080 |
|
|
|a 581(075.8)
|2 1981
|
| 100 |
1 |
|
|a Lindauerová, Terézia,
|d 1935-
|4 aut
|9 38054
|
| 245 |
1 |
0 |
|a Farmaceutická botanika 1
|c Terézia Lindauerová, Peter Blanárik, Zdenka Pospíšilová
|
| 250 |
|
|
|a 2. nezm. vyd.
|
| 260 |
|
|
|a Bratislava
|b Univerzita Komenského
|c 1988
|
| 300 |
|
|
|a 168 strán
|c 30 cm
|
| 366 |
|
|
|e 250 kusov
|
| 490 |
1 |
|
|a Vysokoškolské skriptá
|
| 504 |
|
|
|a Obsahuje bibliografiu
|
| 650 |
0 |
7 |
|a farmaceutická botanika
|2 SNKPH
|9 78279
|
| 655 |
|
7 |
|a učebnice vysokých škôl
|2 SNKPH
|9 70191
|
| 700 |
1 |
|
|a Blanárik, Peter,
|d 1945-
|4 aut
|9 223797
|
| 700 |
1 |
|
|a Pospíšilová, Zdenka,
|d 1934-
|4 aut
|9 236113
|
| 830 |
|
0 |
|a Vysokoškolské skriptá
|9 276440
|
| 852 |
|
|
|a Slovenská národná knižnica
|
| 954 |
|
|
|a odborná, vedecká literatúra pôvodná (slovenská)
|2 lita
|
| 958 |
|
|
|a RK
|
| 958 |
|
|
|a TL
|
| 958 |
|
|
|a NB
|
| 958 |
|
|
|a OND
|
| 958 |
|
|
|a UV
|
| 958 |
|
|
|a MI
|
| 999 |
|
|
|c 596913
|d 598843
|
| 952 |
|
|
|a SNK
|b SNK
|y PREZ
|7 0
|p 17A0833476
|o snkSB 43467/1
|0 0
|1 0
|4 0
|d 2012-07-11
|f 1
|l 0
|r 2025-05-09 00:00:00
|w 2026-02-23
|
| 952 |
|
|
|t P60, <04>, [BOOK], {604}
|a SNK
|b SNK
|y VYP
|7 0
|p 17A0035694
|o snkSB 43467/1 D1
|0 0
|1 0
|4 0
|d 1997-02-08
|l 0
|r 2004-12-31 00:00:00
|w 2026-02-23
|